House - Statistics

General Stats
  • This quiz has been taken 41 times
  • The average score is 12 of 24
Answer Stats
Hint rooms % Correct
8 table
85%
7 bed
82%
10 lamp
82%
15 mirror
82%
11 sofa
73%
14 bookcase
70%
17 stove
70%
12 desk
61%
18 microwave
61%
19 refrigerator
61%
5 armchair
55%
6 curtains
55%
9 coffee table
52%
13 dresser
52%
16 cupboard
48%
3 bedroom
42%
1 living room
39%
2 kitchen
36%
4 bathroom
30%
20 coffee maker
21%
23 oven
12%
24 iron
9%
21 blender
6%
22 washing machine
6%
No matching quizzes found
Score Distribution
Percent of People with Each Score
Percentile by Number Answered
Your Score History
You have not taken this quiz